[Event "Madrid ch Veteranos 2015-2016"]
[Site "Madrid ESP"]
[Date "2016.01.13"]
[Round "3.10"]
[White "Sotoca Aguado, Jose"]
[Black "Lopez Peral, Enrique"]
[Result "1-0"]
[WhiteElo "1952"]
[BlackElo "1827"]
[PlyCount "127"]
[EventDate "2016.01.11"]
[EventType "swiss"]
[EventRounds "9"]
[EventCountry "ESP"]
[Source "lmi"]
[SourceDate "2016.01.11"]

1. d4 d5 2. Nf3 Nf6 3. Bf4 e6 4. e3 c5 5. c3 Nc6 6. Bd3 Bd6 7. dxc5 Bxc5 8. O-O
Bd6 9. Bg5 h6 10. Bxf6 Qxf6 11. Be2 Bc7 12. Na3 a6 13. Rc1 O-O 14. Nc2 Rd8 15.
Nb4 Ne5 16. Nxe5 Qxe5 17. g3 a5 18. Nc2 Bd7 19. Qd4 Qxd4 20. cxd4 Bd6 21. Ne1
Rdc8 22. Nd3 b6 23. f4 Bb5 24. Kf2 Kf8 25. Ne5 Bxe5 26. fxe5 Bc4 27. b3 Bxe2
28. Kxe2 a4 29. b4 Rc4 30. Rxc4 dxc4 31. b5 Ke7 32. Kd2 f6 33. exf6+ gxf6 34.
Kc3 Rc8 35. e4 h5 36. Rf3 Rc7 37. Kb4 Kd6 38. Kc3 Ke7 39. h3 Rc8 40. a3 Rc7 41.
Kb4 Rc8 42. Rc3 f5 43. exf5 exf5 44. Rxc4 Rg8 45. Rc3 h4 46. gxh4 Rh8 47. Rf3
Rxh4 48. Kc4 Ke6 49. Re3+ Kd6 50. Rg3 Rh6 51. Rf3 Rh5 52. h4 Rxh4 53. Rxf5 Rh3
54. Rf6+ Kc7 55. Rc6+ Kd7 56. Rxb6 Rxa3 57. Ra6 Ra1 58. Kd5 a3 59. Ra7+ Kc8 60.
Kc6 Rc1+ 61. Kd6 Rb1 62. Rxa3 Rxb5 63. Kc6 Rb7 64. Ra8+ 1-0

[Event "Madrid ch Veteranos 2015-2016"]
[Site "Madrid ESP"]
[Date "2016.01.13"]
[Round "3.11"]
[White "Martin Rodriguez, Emilio"]
[Black "Serrano Garcia, Vicente"]
[Result "1-0"]
[WhiteElo "2142"]
[BlackElo "1802"]
[PlyCount "59"]
[EventDate "2016.01.11"]
[EventType "swiss"]
[EventRounds "9"]
[EventCountry "ESP"]
[Source "lmi"]
[SourceDate "2016.01.11"]

1. d4 Nf6 2. c4 e6 3. Nc3 b6 4. e4 d6 5. f4 Bb7 6. Bd3 Be7 7. Nf3 c5 8. d5 exd5
9. exd5 O-O 10. O-O Re8 11. Qc2 Nbd7 12. Bd2 Nf8 13. h3 Bc8 14. Rae1 Ng6 15.
Ng5 Bd7 16. a4 Qc8 17. b3 Nh5 18. Kh2 Bf6 19. Rxe8+ Qxe8 20. Nge4 Bd4 21. g3
Qe7 22. Re1 Re8 23. Nxc5 Qd8 24. Nxd7 Rxe1 25. Bxe1 Qxd7 26. Bf5 Qe7 27. Qe4
Qf6 28. Ne2 Bc5 29. Bc3 Nxg3 30. Qe8+ 1-0

[Event "Madrid ch Veteranos 2015-2016"]
[Site "Madrid ESP"]
[Date "2016.01.13"]
[Round "3.12"]
[White "Minguela Muñoz, Bienvenido"]
[Black "Nuñez Muñoz, Jesus"]
[Result "1/2-1/2"]
[WhiteElo "1728"]
[BlackElo "2222"]
[PlyCount "155"]
[EventDate "2016.01.11"]
[EventType "swiss"]
[EventRounds "9"]
[EventCountry "ESP"]
[Source "lmi"]
[SourceDate "2016.01.11"]

1. Nf3 Nf6 2. d4 e6 3. c4 b6 4. Nc3 Bb7 5. Bg5 Bb4 6. e3 h6 7. Bxf6 Qxf6 8. Bd3
c5 9. O-O cxd4 10. Ne4 Qd8 11. exd4 Be7 12. Ne5 O-O 13. f4 d6 14. Nf3 Nd7 15.
Qe2 Nf6 16. Rae1 Re8 17. Nfd2 d5 18. cxd5 Qxd5 19. Nf3 Nxe4 20. Bxe4 Qxe4 21.
Qxe4 Bxe4 22. Rxe4 Rac8 23. Rfe1 Bb4 24. R1e2 Red8 25. a3 Bf8 26. R4e3 g6 27.
Rd3 Bg7 28. Kf2 Rd5 29. Ne5 g5 30. fxg5 hxg5 31. Nf3 Rcd8 32. Re4 R8d6 33. Rg4
f6 34. h4 gxh4 35. Rc3 Kf7 36. Rc7+ Rd7 37. Rxd7+ Rxd7 38. Rxh4 Rc7 39. Re4 b5
40. Re3 Bf8 41. Rb3 a6 42. Rd3 Bh6 43. Rb3 Bf4 44. Ne1 Rc4 45. g3 Bc7 46. Rc3
Rxc3 47. bxc3 Ba5 48. Nd3 Bxc3 49. Ke3 a5 50. Ke4 Ke7 51. g4 Kd6 52. Ke3 b4 53.
axb4 axb4 54. Nc1 Kd5 55. Kd3 Bxd4 56. Ne2 Be5 57. Nc1 f5 58. gxf5 exf5 59. Nb3
Bc3 60. Nc1 Be5 61. Nb3 Bd6 62. Nd4 f4 63. Nf3 Be5 64. Nd2 Bd4 65. Nf3 Be3 66.
Ng5 Ke5 67. Nf3+ Kf5 68. Kc4 Kg4 69. Ne1 Kg3 70. Kxb4 Bd4 71. Nd3 f3 72. Kb3
Be3 73. Kc2 Kh2 74. Kd1 Kg1 75. Ke1 Bb6 76. Kd2 Kf1 77. Ne5 f2 78. Nd3 1/2-1/2

[Event "Madrid ch Veteranos 2015-2016"]
[Site "Madrid ESP"]
[Date "2016.01.13"]
[Round "3.13"]
[White "Canseco Arenas, Alfonso"]
[Black "Lopez Ziegler, Carlos"]
[Result "0-1"]
[WhiteElo "1690"]
[BlackElo "1933"]
[PlyCount "68"]
[EventDate "2016.01.11"]
[EventType "swiss"]
[EventRounds "9"]
[EventCountry "ESP"]
[Source "lmi"]
[SourceDate "2016.01.11"]

1. c4 c5 2. Nc3 Nc6 3. g3 g6 4. Bg2 Bg7 5. d3 e5 6. e4 d6 7. Nge2 Nge7 8. O-O
O-O 9. Be3 Rb8 10. f4 Nd4 11. Rb1 a5 12. Qd2 Be6 13. b3 Qd7 14. Nd5 Nxd5 15.
cxd5 Bg4 16. Nc3 exf4 17. Bxf4 b5 18. Kh1 a4 19. Nd1 axb3 20. axb3 Ra8 21. Ne3
h5 22. Nxg4 hxg4 23. Qd1 Ra2 24. Re1 Rfa8 25. e5 dxe5 26. Bxe5 Bxe5 27. Rxe5
Rxg2 28. Kxg2 Ra2+ 29. Kf1 Rxh2 30. Kg1 Rd2 31. Re8+ Qxe8 32. Qxg4 Qe3+ 33. Kh1
Qf2 34. Qh3 Nf3 0-1

[Event "Madrid ch Veteranos 2015-2016"]
[Site "Madrid ESP"]
[Date "2016.01.13"]
[Round "3.14"]
[White "Caballero Cuno, Jose Domingo"]
[Black "Perez Gonzalez, Jesus Miguel"]
[Result "0-1"]
[WhiteElo "1914"]
[BlackElo "1706"]
[PlyCount "54"]
[EventDate "2016.01.11"]
[EventType "swiss"]
[EventRounds "9"]
[EventCountry "ESP"]
[Source "lmi"]
[SourceDate "2016.01.11"]

1. e4 g6 2. d4 Bg7 3. Nc3 d6 4. Be3 Nf6 5. f3 Nbd7 6. Qd2 h6 7. g4 b6 8. Nge2
e5 9. d5 Nc5 10. Ng3 Bd7 11. h4 Qc8 12. Be2 a6 13. Kf2 Kf8 14. g5 Ng8 15. h5
hxg5 16. hxg6 Rxh1 17. Rxh1 g4 18. gxf7 Kxf7 19. fxg4 Bxg4 20. Rh4 Nf6 21. Bh6
Bxh6 22. Qxh6 Bxe2 23. Kxe2 Qg8 24. Qe3 Qg6 25. Rh6 Qg4+ 26. Qf3 Qf4 27. Nh5
Qxh6 0-1

[Event "Madrid ch Veteranos 2015-2016"]
[Site "Madrid ESP"]
[Date "2016.01.13"]
[Round "3.15"]
[White "Rodriguez Bachiller, Luis"]
[Black "Viñas Lopez, Carlos"]
[Result "0-1"]
[WhiteElo "1660"]
[BlackElo "1903"]
[PlyCount "42"]
[EventDate "2016.01.11"]
[EventType "swiss"]
[EventRounds "9"]
[EventCountry "ESP"]
[Source "lmi"]
[SourceDate "2016.01.11"]

1. e4 c5 2. Nf3 e6 3. d4 cxd4 4. Nxd4 Nf6 5. Nc3 Nc6 6. Bg5 Bb4 7. Nxc6 bxc6 8.
Qf3 Be7 9. Be2 O-O 10. O-O d5 11. exd5 cxd5 12. Rfd1 Rb8 13. b3 h6 14. Be3 Qa5
15. Bf4 Rb7 16. Be5 Nd7 17. Bg3 Bf6 18. Bd6 Bxc3 19. Bxf8 Bxa1 20. b4 Qxa2 21.
Be7 Ne5 0-1

[Event "Madrid ch Veteranos 2015-2016"]
[Site "Madrid ESP"]
[Date "2016.01.13"]
[Round "3.16"]
[White "Camarero Izquierdo, Juan Carlos"]
[Black "Calderon Martin, Antonio"]
[Result "0-1"]
[WhiteElo "1861"]
[BlackElo "1679"]
[PlyCount "106"]
[EventDate "2016.01.11"]
[EventType "swiss"]
[EventRounds "9"]
[EventCountry "ESP"]
[Source "lmi"]
[SourceDate "2016.01.11"]

1. d4 d5 2. Nc3 c5 3. Nf3 Nc6 4. Bf4 Bf5 5. e3 e6 6. Bd3 Bxd3 7. Qxd3 c4 8. Qe2
Bd6 9. Ne5 Nf6 10. f3 O-O 11. g4 Bb4 12. Bg5 Be7 13. h4 Nxe5 14. dxe5 Nd7 15.
Bxe7 Qxe7 16. f4 f6 17. exf6 Nxf6 18. g5 Ne8 19. Qg4 Nd6 20. h5 Nf5 21. Rh3 b5
22. e4 d4 23. exf5 dxc3 24. Rxc3 exf5+ 25. Qe2 Qxe2+ 26. Kxe2 Rfe8+ 27. Re3
Rxe3+ 28. Kxe3 Re8+ 29. Kd4 Re4+ 30. Kc5 Rxf4 31. Kxb5 Rf2 32. Rc1 Rf4 33. Rd1
Rf2 34. g6 hxg6 35. hxg6 Kf8 36. Rd5 Ke7 37. a4 Ke6 38. Rc5 Rxc2 39. Rc6+ Ke5
40. Rc7 Rxb2+ 41. Ka6 f4 42. Rxg7 Rg2 43. a5 c3 44. Kxa7 f3 45. Re7+ Kd6 46.
Re1 c2 47. Kb7 Rd2 48. a6 Kc5 49. Rc1 Rd6 50. Kc7 Rxa6 51. Rxc2+ Kd5 52. Kb7
Re6 53. Kc7 Rxg6 0-1

[Event "Madrid ch Veteranos 2015-2016"]
[Site "Madrid ESP"]
[Date "2016.01.13"]
[Round "3.17"]
[White "Beekhof Harmsen, Willen"]
[Black "Campos Calvo-Sotelo, Juan"]
[Result "0-1"]
[WhiteElo "1644"]
[BlackElo "1849"]
[PlyCount "85"]
[EventDate "2016.01.11"]
[EventType "swiss"]
[EventRounds "9"]
[EventCountry "ESP"]
[Source "lmi"]
[SourceDate "2016.01.11"]

1. Nf3 b5 2. g3 Bb7 3. Bg2 c5 4. b3 e6 5. Bb2 Nf6 6. O-O Be7 7. d3 d5 8. Nbd2
Nbd7 9. c4 b4 10. a3 a5 11. axb4 axb4 12. Qc2 d4 13. Rfe1 O-O 14. e3 Rxa1 15.
Bxa1 dxe3 16. Rxe3 Ng4 17. Re2 Qa8 18. Bb2 Bf6 19. h3 Bxb2 20. Qxb2 Ngf6 21. d4
cxd4 22. Qxd4 Rd8 23. Ne1 Bxg2 24. Nxg2 Qa5 25. Qb2 Nc5 26. Nf4 h6 27. g4 Qa3
28. Qxa3 bxa3 29. b4 a2 30. Nb3 Nxb3 31. Rxa2 Rd4 32. Rb2 Rxf4 33. Rxb3 Rxc4
34. b5 Rc8 35. f4 Rb8 36. g5 hxg5 37. fxg5 Nd5 38. Kf2 Rb6 39. h4 g6 40. Kf3
Nc7 41. Ke4 Rxb5 42. Rd3 Nd5 43. Ke5 0-1

[Event "Madrid ch Veteranos 2015-2016"]
[Site "Madrid ESP"]
[Date "2016.01.13"]
[Round "3.18"]
[White "Osorio Ramos, Francisco"]
[Black "Ballesteros Jimenez, Miguel Angel"]
[Result "1-0"]
[WhiteElo "1834"]
[BlackElo "1603"]
[PlyCount "57"]
[EventDate "2016.01.11"]
[EventType "swiss"]
[EventRounds "9"]
[EventCountry "ESP"]
[Source "lmi"]
[SourceDate "2016.01.11"]

1. d4 Nf6 2. c4 c5 3. d5 b5 4. cxb5 a6 5. bxa6 Bxa6 6. Nc3 g6 7. Nf3 d6 8. g3
Bg7 9. Bg2 O-O 10. O-O Nbd7 11. Re1 Qa5 12. Rb1 Rfb8 13. Qc2 Ng4 14. Bd2 Qb6
15. h3 Nge5 16. b3 Nxf3+ 17. Bxf3 Ne5 18. Bg2 Qa7 19. Na4 c4 20. Be3 Qd7 21.
Nb6 cxb3 22. Nxd7 bxc2 23. Rxb8+ Rxb8 24. Nxb8 Bb5 25. Be4 Ba4 26. Rc1 Nc4 27.
Bxc2 Bxc2 28. Rxc2 Nxe3 29. Rc8+ 1-0

[Event "Madrid ch Veteranos 2015-2016"]
[Site "Madrid ESP"]
[Date "2016.01.13"]
[Round "3.19"]
[White "Lopez Heras, Arturo"]
[Black "Martinez Carrasco, Jesus"]
[Result "1-0"]
[WhiteElo "1809"]
[BlackElo "1561"]
[PlyCount "89"]
[EventDate "2016.01.11"]
[EventType "swiss"]
[EventRounds "9"]
[EventCountry "ESP"]
[Source "lmi"]
[SourceDate "2016.01.11"]

1. e4 c5 2. Nf3 d6 3. d4 cxd4 4. Nxd4 Nf6 5. Nc3 e6 6. Be2 Nc6 7. O-O a6 8. Be3
Qc7 9. Nxc6 Qxc6 10. Qd3 Be7 11. Bf3 Qc7 12. Na4 Nd7 13. Bd4 e5 14. Be3 b5 15.
Nc3 Nf6 16. Rfd1 Bb7 17. a3 O-O 18. Rac1 Rac8 19. g4 h6 20. h4 Rfd8 21. g5 hxg5
22. hxg5 Nh7 23. Qd2 g6 24. Kg2 Kg7 25. Rh1 Rh8 26. Rh3 Qd8 27. Rch1 Bxg5 28.
Rxh7+ Rxh7 29. Bxg5 Qh8 30. Rxh7+ Qxh7 31. Qxd6 Rf8 32. Bf6+ Kg8 33. Qxe5 Bc8
34. Qh2 Re8 35. Nd5 Qxh2+ 36. Kxh2 Bb7 37. Kg3 Re6 38. e5 Kf8 39. Nf4 Rxf6 40.
exf6 Bc8 41. c3 Kg8 42. Nd5 Kh7 43. Ne7 Bd7 44. Bb7 a5 45. Bc6 1-0

[Event "Madrid ch Veteranos 2015-2016"]
[Site "Madrid ESP"]
[Date "2016.01.13"]
[Round "3.20"]
[White "Martin Rodriguez, Jose Luis"]
[Black "Rodriguez Bernal, Herman"]
[Result "0-1"]
[WhiteElo "1313"]
[BlackElo "1768"]
[PlyCount "58"]
[EventDate "2016.01.11"]
[EventType "swiss"]
[EventRounds "9"]
[EventCountry "ESP"]
[Source "lmi"]
[SourceDate "2016.01.11"]

1. e4 g6 2. d4 d6 3. Nc3 Bg7 4. Nf3 Nf6 5. Bg5 Nbd7 6. Be2 O-O 7. Qd2 c6 8. Bh6
b5 9. Bxg7 Kxg7 10. a3 a6 11. h4 e5 12. Rd1 Re8 13. dxe5 dxe5 14. Kf1 Qe7 15.
Qd6 Nc5 16. Qxe7 Rxe7 17. Nd2 Bb7 18. h5 Rd8 19. hxg6 hxg6 20. Rh3 Red7 21. Ke1
Ne6 22. Nf3 Rxd1+ 23. Bxd1 Nf4 24. Nxe5 Nxh3 25. gxh3 c5 26. Bf3 Re8 27. Nd3
Nxe4 28. Nxe4 Bxe4 29. Ke2 Bd5+ 0-1

[Event "Madrid ch Veteranos 2015-2016"]
[Site "Madrid ESP"]
[Date "2016.01.13"]
[Round "3.21"]
[White "Hernandez Garcia, Carlos"]
[Black "Veuthey Martinez, Eloy"]
[Result "1-0"]
[WhiteElo "1747"]
[BlackElo "1536"]
[PlyCount "51"]
[EventDate "2016.01.11"]
[EventType "swiss"]
[EventRounds "9"]
[EventCountry "ESP"]
[Source "lmi"]
[SourceDate "2016.01.11"]

1. e4 d6 2. d4 Nf6 3. Nc3 e5 4. dxe5 dxe5 5. Bd3 Bb4 6. Nge2 O-O 7. O-O c6 8.
a3 Be7 9. h3 Be6 10. f4 Bd6 11. f5 Bc8 12. g4 b5 13. Ng3 a6 14. g5 Nfd7 15. Kg2
Re8 16. Bxb5 Bxa3 17. Bxc6 Nxc6 18. Rxa3 Nd4 19. Nce2 Nxe2 20. Qxe2 Qb6 21. Rb3
Qc6 22. Rd1 Nc5 23. Rc3 Bxf5 24. Nxf5 Qxe4+ 25. Qxe4 Nxe4 26. Rc4 1-0

[Event "Madrid ch Veteranos 2015-2016"]
[Site "Madrid ESP"]
[Date "2016.01.13"]
[Round "3.23"]
[White "Benitez Cadenas, Luis Miguel"]
[Black "Perez Cameselle, Francisco Jose"]
[Result "0-1"]
[WhiteElo "1681"]
[BlackElo "1917"]
[PlyCount "94"]
[EventDate "2016.01.11"]
[EventType "swiss"]
[EventRounds "9"]
[EventCountry "ESP"]
[Source "lmi"]
[SourceDate "2016.01.11"]

1. d4 Nf6 2. Nf3 g6 3. Nbd2 d6 4. e4 c5 5. c3 Bg7 6. Bd3 O-O 7. O-O cxd4 8.
cxd4 Nc6 9. Re1 e5 10. d5 Nb4 11. Nc4 Nxd3 12. Qxd3 b5 13. Ne3 Bd7 14. Bd2 Qb6
15. Nd1 Rfc8 16. Be3 Qb7 17. a3 a5 18. b3 Ng4 19. h3 Nxe3 20. Nxe3 Bh6 21. Rac1
Rxc1 22. Rxc1 Rc8 23. Rxc8+ Qxc8 24. Qd2 a4 25. b4 f5 26. exf5 gxf5 27. Qc2
Qxc2 28. Nxc2 Bc1 29. Nfe1 e4 30. Kf1 Kf7 31. Ke2 Kf6 32. Kd1 Bb2 33. f3 Ke5
34. Ne3 Bxa3 35. N1c2 Bb2 36. g3 a3 37. f4+ Kf6 38. Kd2 a2 39. Nd1 a1=Q 40.
Nxa1 Bxa1 41. Ne3 Bd4 42. Nd1 h5 43. h4 Bg1 44. Ke2 Bd4 45. Kd2 Bc8 46. Ne3 Bb7
47. Nc2 Bf2 0-1

[Event "Madrid ch Veteranos 2015-2016"]
[Site "Madrid ESP"]
[Date "2016.01.13"]
[Round "3.24"]
[White "Pashov, Spas Nikolov"]
[Black "Romero Jaime, Pedro"]
[Result "0-1"]
[WhiteElo "1722"]
[BlackElo "1553"]
[PlyCount "32"]
[EventDate "2016.01.11"]
[EventType "swiss"]
[EventRounds "9"]
[EventCountry "ESP"]
[Source "lmi"]
[SourceDate "2016.01.11"]

1. e4 e5 2. Nf3 Qe7 3. Nc3 c6 4. d4 d6 5. h3 h6 6. Bd3 Nf6 7. O-O g5 8. dxe5
dxe5 9. Nh2 Nbd7 10. Be3 Bg7 11. g3 Nc5 12. Bxc5 Qxc5 13. Kg2 Be6 14. Na4 Qe7
15. c4 Rd8 16. g4 Bxc4 0-1

[Event "Madrid ch Veteranos 2015-2016"]
[Site "Madrid ESP"]
[Date "2016.01.13"]
[Round "3.25"]
[White "Ramos Antona, Enrique"]
[Black "Martinez Miura, Enrique"]
[Result "0-1"]
[WhiteElo "1585"]
[BlackElo "1646"]
[PlyCount "79"]
[EventDate "2016.01.11"]
[EventType "swiss"]
[EventRounds "9"]
[EventCountry "ESP"]
[Source "lmi"]
[SourceDate "2016.01.11"]

1. d4 e6 2. c4 d5 3. Nf3 Nf6 4. e3 Be7 5. Nc3 O-O 6. Be2 c6 7. O-O Nbd7 8. a3
dxc4 9. Bxc4 b5 10. Bd3 Bb7 11. e4 h6 12. e5 Nd5 13. Nxd5 exd5 14. b4 a5 15.
Bd2 axb4 16. axb4 Qb6 17. Bc3 Rxa1 18. Bxa1 Bxb4 19. Nh4 Ra8 20. Qg4 Nf8 21.
Bf5 c5 22. dxc5 Bxc5 23. Nf3 Bxf2+ 24. Kh1 Ra4 25. Qh3 Be3 26. Bc2 Ra2 27. Qf5
g6 28. Qd3 b4 29. Re1 Ba6 30. Qxe3 Qxe3 31. Rxe3 Rxa1+ 32. Ng1 Ra3 33. Re1 b3
34. Bb1 Ra1 35. Nf3 Bc4 36. Nd2 Ne6 37. g3 Nd4 38. Kg2 Nc2 39. e6 Nxe1+ 40. Kf2
0-1

[Event "Madrid ch Veteranos 2015-2016"]
[Site "Madrid ESP"]
[Date "2016.01.13"]
[Round "3.26"]
[White "Corredor Gonzalez, Angel L"]
[Black "Sanchez Lucena, Juan"]
[Result "1-0"]
[WhiteElo "1780"]
[BlackElo "1440"]
[PlyCount "62"]
[EventDate "2016.01.11"]
[EventType "swiss"]
[EventRounds "9"]
[EventCountry "ESP"]
[Source "lmi"]
[SourceDate "2016.01.11"]

1. e4 e6 2. d4 d5 3. Nc3 c5 4. Nf3 dxe4 5. Nxe4 Nc6 6. Nxc5 Bxc5 7. dxc5 Qxd1+
8. Kxd1 Nf6 9. Bb5 Ne4 10. Be3 Bd7 11. Bd3 Nf6 12. c3 O-O 13. Ke2 Rad8 14. Bg5
Rc8 15. Rhd1 Nb8 16. Bxf6 gxf6 17. b4 Bc6 18. Kf1 Kh8 19. Nd4 Be8 20. Be4 Nc6
21. a4 Nxd4 22. cxd4 Bc6 23. Bxc6 bxc6 24. b5 cxb5 25. axb5 Rc7 26. Ra4 Rd8 27.
Rda1 Kg7 28. Rxa7 Rxa7 29. Rxa7 Rxd4 30. c6 Rc4 31. c7 Rc5 1-0

[Event "Madrid ch Veteranos 2015-2016"]
[Site "Madrid ESP"]
[Date "2016.01.13"]
[Round "3.27"]
[White "Cortijo Manso, Luis"]
[Black "Perez Cristobal, Alberto"]
[Result "1/2-1/2"]
[WhiteElo "1508"]
[BlackElo "1612"]
[PlyCount "52"]
[EventDate "2016.01.11"]
[EventType "swiss"]
[EventRounds "9"]
[EventCountry "ESP"]
[Source "lmi"]
[SourceDate "2016.01.11"]

1. Nf3 d5 2. d4 Nf6 3. g3 e6 4. Bg2 c5 5. c4 dxc4 6. Qa4+ Qd7 7. Qxc4 Qd5 8.
Qxd5 Nxd5 9. O-O Nc6 10. dxc5 Bxc5 11. Nbd2 O-O 12. Ne4 Be7 13. Bg5 f6 14. Bd2
b6 15. Nc3 Nxc3 16. Bxc3 Rb8 17. Rfd1 Rd8 18. Nd4 Nxd4 19. Bxd4 Ba6 20. e3 Rd6
21. Bf3 Rbd8 22. h4 Bc4 23. b3 Bd5 24. Be2 Rc6 25. Bb5 Rc2 26. Bd3 Rc7 1/2-1/2

[Event "Madrid ch Veteranos 2015-2016"]
[Site "Madrid ESP"]
[Date "2016.01.13"]
[Round "3.28"]
[White "Suarez Mencia, Roberto"]
[Black "Fernandez Bujarrabal, Pedro V"]
[Result "0-1"]
[WhiteElo "1454"]
[BlackElo "1582"]
[PlyCount "106"]
[EventDate "2016.01.11"]
[EventType "swiss"]
[EventRounds "9"]
[EventCountry "ESP"]
[Source "lmi"]
[SourceDate "2016.01.11"]

1. c4 e5 2. g3 d5 3. cxd5 Qxd5 4. Nf3 f6 5. Nc3 Qd8 6. Bg2 c6 7. e3 Be6 8. b3
Bd6 9. Bb2 Ne7 10. Ne4 O-O 11. O-O Na6 12. Rc1 Nb4 13. Nc3 Nd3 14. Rc2 Nxb2 15.
Rxb2 Nd5 16. Nxd5 Bxd5 17. e4 Bxe4 18. d3 Bd5 19. Nh4 Bxg2 20. Kxg2 Ba3 21. Rc2
Qd5+ 22. Kg1 Rad8 23. Qg4 Qxd3 24. Rc4 Rd4 25. Qe6+ Kh8 26. Nf5 Rxc4 27. bxc4
Qd8 28. Nh4 Qc8 29. Qxc8 Rxc8 30. Rd1 g5 31. Nf5 b5 32. cxb5 cxb5 33. Rd7 Bc5
34. Rf7 Rf8 35. Rb7 Bb6 36. Nh6 e4 37. Nf7+ Kg8 38. Nh6+ Kh8 39. Nf7+ Kg7 40.
Nxg5+ Kg6 41. Nxe4 Re8 42. Nc3 b4 43. Nd5 Bc5 44. Nxb4 Re2 45. Nd3 Bxf2+ 46.
Nxf2 Rxa2 47. Nd3 a5 48. Nf4+ Kh6 49. Rf7 Kg5 50. Rxh7 Kg4 51. Re7 Kf3 52. h4
Kxg3 53. Nd5 Ra1+ 0-1

[Event "Madrid ch Veteranos 2015-2016"]
[Site "Madrid ESP"]
[Date "2016.01.13"]
[Round "3.29"]
[White "Folgar Lopez, Angel"]
[Black "Abad Martin Camunas, Luis"]
[Result "1/2-1/2"]
[WhiteElo "1550"]
[BlackElo "1413"]
[PlyCount "94"]
[EventDate "2016.01.11"]
[EventType "swiss"]
[EventRounds "9"]
[EventCountry "ESP"]
[Source "lmi"]
[SourceDate "2016.01.11"]

1. d4 d5 2. Nf3 Nf6 3. Bf4 e6 4. h3 c5 5. e3 a6 6. Be2 Nc6 7. c3 Bd6 8. Ne5
cxd4 9. exd4 Qc7 10. Nd2 Nxe5 11. dxe5 Bxe5 12. Bxe5 Qxe5 13. Nf3 Qc7 14. O-O
O-O 15. Re1 Bd7 16. Bd3 e5 17. Nxe5 Rfe8 18. Nxd7 Rxe1+ 19. Qxe1 Qxd7 20. Qd2
Re8 21. Rd1 Qe6 22. Kf1 g6 23. Bc2 Kg7 24. Bb3 Qe5 25. Bxd5 b5 26. Bb3 Qh2 27.
f3 Nh5 28. Qd4+ Nf6 29. a4 Re7 30. Kf2 Rd7 31. Qe3 Rxd1 32. Bxd1 bxa4 33. Bxa4
Qd6 34. Qd4 Qe6 35. Bd7 Qe7 36. Bc8 a5 37. g4 Kg8 38. h4 Ne8 39. Ba6 Qc7 40.
Kg2 Qb8 41. c4 Nc7 42. Bb5 Nxb5 43. cxb5 Qxb5 44. h5 gxh5 45. Qd8+ Kg7 46. Qd4+
Kg8 47. Qd8+ Kg7 1/2-1/2

[Event "Madrid ch Veteranos 2015-2016"]
[Site "Madrid ESP"]
[Date "2016.01.13"]
[Round "3.30"]
[White "Arroyo Fraile, Mario"]
[Black "Navarro Corredor, Angel"]
[Result "1-0"]
[WhiteElo "1530"]
[BlackElo "1395"]
[PlyCount "105"]
[EventDate "2016.01.11"]
[EventType "swiss"]
[EventRounds "9"]
[EventCountry "ESP"]
[Source "lmi"]
[SourceDate "2016.01.11"]

1. c4 Nf6 2. Nc3 e6 3. g3 Be7 4. Bg2 Nc6 5. Nf3 O-O 6. e4 d6 7. O-O Bd7 8. d4
Qc8 9. Re1 Nb4 10. a3 Na6 11. e5 Ne8 12. Be3 Rb8 13. Qd2 Qd8 14. b4 c6 15. Rab1
Nac7 16. a4 b5 17. cxb5 cxb5 18. a5 a6 19. d5 f6 20. Ba7 Rc8 21. exd6 Nxd6 22.
dxe6 Bxe6 23. Bb6 Nc4 24. Qxd8 Bxd8 25. Bxc7 Bxc7 26. Rxe6 Ra8 27. Nd5 Bd6 28.
Nh4 Ra7 29. Nf5 Rd8 30. Nxd6 Nxd6 31. Rbe1 Rad7 32. Re7 Kf8 33. Rxd7 Rxd7 34.
Nb6 Rc7 35. Nd5 Rd7 36. Rc1 Nc4 37. Nb6 Nxb6 38. axb6 Rd6 39. b7 Rb6 40. Rc8+
Kf7 41. b8=Q Rxb8 42. Rxb8 Kg6 43. Rb6 Kf5 44. Rxa6 h6 45. Bc6 g6 46. Bxb5 Kg5
47. Bf1 f5 48. b5 Kh5 49. b6 Kg5 50. b7 h5 51. b8=Q h4 52. Qg8 Kg4 53. Qxg6+
1-0

[Event "Madrid ch Veteranos 2015-2016"]
[Site "Madrid ESP"]
[Date "2016.01.13"]
[Round "3.31"]
[White "Rufo Yebra, Benito"]
[Black "Salgado Duarte, Pablo"]
[Result "0-1"]
[WhiteElo "1450"]
[BlackElo "1518"]
[PlyCount "120"]
[EventDate "2016.01.11"]
[EventType "swiss"]
[EventRounds "9"]
[EventCountry "ESP"]
[Source "lmi"]
[SourceDate "2016.01.11"]

1. d4 d5 2. e3 Nf6 3. c4 Nc6 4. b3 Bf5 5. Nf3 e6 6. Ba3 Nb4 7. c5 Nc2+ 8. Ke2
Nxa1 9. Ne5 Nc2 10. Nd3 Nxa3 11. Nxa3 Ne4 12. Qe1 c6 13. f3 Nf6 14. Ne5 Nd7 15.
g4 Nxe5 16. gxf5 Nd7 17. Bh3 exf5 18. Bxf5 g6 19. Bd3 Bg7 20. h4 h5 21. b4 Qe7
22. Kd2 O-O 23. Qg3 Rae8 24. f4 Nf6 25. Re1 Ne4+ 26. Bxe4 Qxe4 27. Nc2 Re7 28.
a4 Rfe8 29. b5 Qe6 30. Qf2 Qd7 31. Qf3 cxb5 32. a5 a6 33. Nb4 Re4 34. f5 Qd8
35. fxg6 fxg6 36. Qg2 Rg4 37. Qxd5+ Qxd5 38. Nxd5 Rxh4 39. Nc7 Re7 40. Nd5 Rf7
41. Kd3 Rh2 42. Nf4 Kh7 43. d5 Ra2 44. c6 bxc6 45. dxc6 Rxa5 46. Ne6 Ra3+ 47.
Ke4 Re7 48. Kd5 Rd3+ 49. Nd4 Bxd4 50. Kd6 Bf6+ 51. Kc5 Bd4+ 52. Kd6 Bf6+ 53.
Kc5 Rdxe3 54. Rd1 Rc3+ 55. Kb6 Re6 56. Rd7+ Kh6 57. Rc7 Bd8 58. Kb7 Bxc7 59.
Kxc7 Rexc6+ 60. Kb7 b4 0-1

[Event "Madrid ch Veteranos 2015-2016"]
[Site "Madrid ESP"]
[Date "2016.01.14"]
[Round "4.1"]
[White "Lorenzo Bailador, Alfredo"]
[Black "Elissalt Cardenas, Hector"]
[Result "0-1"]
[WhiteElo "1951"]
[BlackElo "2358"]
[PlyCount "132"]
[EventDate "2016.01.11"]
[EventType "swiss"]
[EventRounds "9"]
[EventCountry "ESP"]
[Source "lmi"]
[SourceDate "2016.01.11"]

1. e4 c6 2. d4 d5 3. exd5 cxd5 4. Bd3 Nc6 5. c3 e6 6. Nf3 Bd6 7. O-O Nge7 8.
Re1 Qc7 9. Nbd2 Bd7 10. c4 f6 11. cxd5 exd5 12. Nf1 O-O 13. Bd2 Be8 14. Ng3 Qd7
15. Bc3 Bg6 16. Nh4 Bxd3 17. Qxd3 g6 18. Qe3 Rae8 19. Qe6+ Qxe6 20. Rxe6 Bxg3
21. hxg3 Kf7 22. Rae1 g5 23. Nf3 h5 24. Rd6 Rd8 25. Rxd8 Rxd8 26. Kf1 Nf5 27.
Rd1 Re8 28. Ne1 Re4 29. Nc2 Ke7 30. Rd2 Kd7 31. f3 Re8 32. Kf2 b6 33. Rd3 a5
34. Ne3 Nxe3 35. Rxe3 Rxe3 36. Kxe3 Ne7 37. Kd3 Nf5 38. Be1 Kc6 39. a4 Kb7 40.
Bf2 b5 41. b3 bxa4 42. bxa4 Nd6 43. Kc3 Nc4 44. Kc2 g4 45. Kc3 Kc6 46. Kc2 Kd6
47. Kd3 Ke6 48. Be1 Nb2+ 49. Kc2 Nc4 50. Kd3 Kf5 51. Ke2 Kg6 52. Kd3 gxf3 53.
gxf3 f5 54. Ke2 Kg5 55. Kf2 f4 56. Kg2 fxg3 57. Kxg3 Kf5 58. Bc3 h4+ 59. Kxh4
Kf4 60. Kh5 Kxf3 61. Kg5 Ke4 62. Kf6 Kd3 63. Ba1 Nb6 64. Ke6 Kc4 65. Bb2 Nxa4
66. Bc1 Nc3 0-1